Aktivity PHARE v krajinách strednej a východnej Európy a v rezorte pôdohospodárstva SR

Stručná charakteristika fondu PHARE. Samostatnou časťou programu PHARE je program všeobecnej technickej pomoci "GTAF", v ktorom okrem iných odvetví je zahrnuté aj poľnohospodárstvo a diaľkový prieskum Zeme (DPZ). Charakteristika niektorých projektov PHARE.

Saved in:
Bibliographic Details
Main Author: Kárpáti, I.
Format: Book Chapter
Language:Slovak
Subjects:
Tags: Add Tag
No Tags, Be the first to tag this record!

MARC

LEADER 00000naa a2200000 4500
001 r014218
005 20221213122710.7
041 0 |a slo 
044 |a SK 
245 1 0 |a Aktivity PHARE v krajinách strednej a východnej Európy a v rezorte pôdohospodárstva SR  |c I. Kárpáti 
520 |a Stručná charakteristika fondu PHARE. Samostatnou časťou programu PHARE je program všeobecnej technickej pomoci "GTAF", v ktorom okrem iných odvetví je zahrnuté aj poľnohospodárstvo a diaľkový prieskum Zeme (DPZ). Charakteristika niektorých projektov PHARE. 
610 2 0 |a PHARE 
610 2 0 |a poľnohospodárstvo 
610 2 0 |a pôdohospodárstvo 
610 2 0 |a Slovensko 
610 2 0 |a stredná Európa 
610 2 0 |a východná Európa 
100 1 |a Kárpáti, I.